[Event "Milan Crespi op-B 32nd"]
[Site "Milan"]
[Date "2011.12.10"]
[Round "5"]
[White "Alberio, Silvio"]
[Black "Ciciotti, Augusto Walter"]
[Result "0-1"]
[WhiteElo "1755"]
[BlackElo "1917"]
[PlyCount "120"]
[EventDate "2011.12.07"]
[EventType "swiss"]
[EventRounds "7"]
[EventCountry "ITA"]
[SourceTitle "EXT 2022"]
[Source "ChessBase"]
[SourceDate "2021.10.06"]
[SourceVersion "1"]
[SourceVersionDate "2021.10.06"]
[SourceQuality "1"]

1. d4 Nf6 2. c4 g6 3. Nc3 Bg7 4. e4 d6 5. Be2 0-0 6. Nf3 e5 7. 0-0 Nc6 8. d5 Ne7 9. Nd2 Ne8 10. b4 f5 11. c5 Nf6 12. a4 Kh8 13. cxd6 cxd6 14. f3 f4 15. Ba3 Rf7 16. Rc1 g5 17. Nb5 Neg8 18. Nc4 Ne8 19. Nc3 h5 20. b5 Nh6 21. Qb3 g4 22. Qb4 Qh4 23. fxg4 hxg4 24. Bd1 g3 25. hxg3 fxg3 26. Rxf7 Qh2+ 27. Kf1 Qh1+ 28. Ke2 Qxg2+ 29. Kd3 Nxf7 30. Qb2 Qxb2 31. Bxb2 Bh6 32. Rc2 Bh3 33. Bf3 Bf1+ 34. Ne2 g2 35. Bxg2 Bxg2 36. Ng3 Bh3 37. Rh2 Bd7 38. Rxh6+ Nxh6 39. Nxd6 Ng4 40. Nf7+ Kg8 41. Nxe5 Nxe5+ 42. Bxe5 a6 43. b6 Bxa4 44. Nf5 Bb5+ 45. Ke3 Kf7 46. Bd4 Bd7 47. Nh6+ Kg6 48. Ng8 Kf7 49. Nh6+ Ke7 50. e5 Rc8 51. Bb2 Rc4 52. Ba3+ Kd8 53. Nf7+ Kc8 54. Nd6+ Nxd6 55. Bxd6 Bf5 56. e6 Be4 57. e7 Kd7 58. Kf4 Bxd5+ 59. Ke5 Bf7 60. Ba3 Rc6 0-1

[Event "Lugano New op 5th"]
[Site "Lugano"]
[Date "2011.04.22"]
[Round "1"]
[White "Alberio, Silvio"]
[Black "Stella, Andrea"]
[Result "0-1"]
[WhiteElo "1821"]
[BlackElo "2364"]
[PlyCount "82"]
[EventDate "2011.04.22"]
[EventType "swiss"]
[EventRounds "6"]
[EventCountry "SUI"]
[SourceTitle "CBM 142 Extra"]
[Source "ChessBase"]
[SourceDate "2011.06.27"]
[SourceVersion "1"]
[SourceVersionDate "2011.06.27"]
[SourceQuality "1"]

1. d4 Nf6 2. c4 g6 3. Nc3 d5 4. cxd5 Nxd5 5. e4 Nxc3 6. bxc3 Bg7 7. Bc4 c5 8. Ne2 Nc6 9. Be3 0-0 10. 0-0 Na5 11. Bd3 b6 12. Rc1 e5 13. d5 f5 14. c4 f4 15. Bd2 Nb7 16. f3 g5 17. Nc3 h5 18. Kf2 g4 19. Ke2 Nd6 20. Be1 gxf3+ 21. gxf3 Bh3 22. Rg1 Kh7 23. Kd2 Bf6 24. Bf2 Qd7 25. Qe2 Rac8 26. a4 Rg8 27. Kc2 Rcf8 28. Kb3 Nb7 29. Qd2 Bg2 30. Be2 Nd6 31. Qd3 Qh3 32. Nb5 Nxb5 33. axb5 Qxh2 34. Ra1 Rf7 35. d6 Qh3 36. Qd5 Rfg7 37. Rgd1 Qd7 38. Qc6 h4 39. Rxa7 Qxa7 40. d7 Ra8 41. Rb1 Qa2+ 0-1

[Event "Ceriano Laghetto op-B 20th"]
[Site "Ceriano Laghetto"]
[Date "2011.04.01"]
[Round "1"]
[White "Alberio, Silvio"]
[Black "Veri, Giustino"]
[Result "1/2-1/2"]
[WhiteElo "1821"]
[BlackElo "1661"]
[PlyCount "99"]
[EventDate "2011.04.01"]
[EventType "swiss"]
[EventRounds "5"]
[EventCountry "ITA"]
[SourceTitle "EXT 2023"]
[Source "ChessBase"]
[SourceDate "2022.10.05"]
[SourceVersion "1"]
[SourceVersionDate "2022.10.05"]
[SourceQuality "1"]

1. d4 Nf6 2. c4 g6 3. Nc3 d5 4. cxd5 Nxd5 5. e4 Nxc3 6. bxc3 Bg7 7. Bc4 c5 8. Ne2 Nc6 9. Be3 0-0 10. 0-0 cxd4 11. cxd4 Bg4 12. f3 Bd7 13. Rc1 Na5 14. Bd3 Rc8 15. Qd2 Rxc1 16. Rxc1 a6 17. d5 e6 18. Bf4 e5 19. Be3 b5 20. Bc5 Re8 21. Qe3 Nb7 22. Bb6 Qh4 23. g3 Qh3 24. Qf2 Rc8 25. a4 Rxc1+ 26. Nxc1 Bh6 27. axb5 Bxb5 28. Bxb5 axb5 29. Nd3 f6 30. Qc2 Qd7 31. Qc6 Qxc6 32. dxc6 Nd6 33. Kf1 Nc8 34. Ba5 Kf7 35. Nb4 Bd2 36. Ke2 Bxb4 37. Bxb4 Ke8 38. Kd3 Na7 39. c7 Kd7 40. Ba5 Nc8 41. f4 Nd6 42. fxe5 fxe5 43. h3 Ne8 44. Bc3 Nxc7 45. Bxe5 Ne6 46. Bf6 Kc6 47. Bb2 Kc5 48. h4 h5 49. Bf6 b4 50. Be7+ 1/2-1/2